00411nam a2200193Ia 4500003000900000008004100009040001300050040001300063041000800076100001700084245002900101250001100130260001400141260000900155300001100164300001000175490002300185490000900208IT-RoPAU120407s9999 xx 000 0 und d aIT-RoPAU cIT-RoPAU aita aJacques Loew aDio incontro all’uomo. aMilano aJaca Book c1985 a177 p. c23 cm aGià e non ancora v1120